000 00887nas a2200277 4500
001 BR0203303
003 BR-BrBNA
005 20231205103054.0
007 ta
008 230509b bl.|||p| |||| 00| 00por d
040 _aBR-BrBNA
_bpor
_cBiblioteca Nacional de Agricultura
041 _a(Pt)
072 _aF02
100 1 _aSalomão, L.C.C.
100 1 _aPereira, W.E.
100 1 _aDuarte, R.C.C.
100 1 _aSiqueira, D.L. de
245 1 _aPropagação por estaquia dos maracujazeiros doce (Passiflora alata Dryand.)e amarelo (P. edulis f. flavicarpa O. Deg.)
650 _aMARACUJÁ
650 _aPROPAGAÇÃO VEGETATIVA
650 _aENRAIZAMENTO DE ESTACA
650 _aMUDA
773 0 _tRevista Brasileira de Fruticultura (Brazil)
_xISSN 0100-2945
_g(Apr 2002), v. 24(1) p. 163-167
_wBR0203303
909 _a202311
_bLúcia
_c55
_dLúcia Elande
942 _2AGRIS
_n0
_cANA
999 _c170903
_d170903